000 00483nam a2200193 a 4500
001 1757599321282
003 ACL
005 20250911193755.0
008 250911s2001##################000#0#eng##
020 _a9780851707549
082 0 4 _a791.430233
_bZIZ
100 1 _aŽižek, Slavoj,
_eauthor.
245 1 0 _aThe Fright of Real Tears :
260 _bBritish Film Inst,
_c2001.
300 _a213 pages
650 0 _aPerforming Arts.
942 _cENGLISH
040 _aACL
_beng
_cACL
999 _c586612
_d586612